Central Library OPAC University of Rajshahi

Land law and custom in the colonies / (Record no. 4327)

MARC details
000 -LEADER
fixed length control field 00924cam a22002771a 4500
001 - CONTROL NUMBER
control field 4327
003 - CONTROL NUMBER IDENTIFIER
rucl marc code BD-RjUL
005 - DATE AND TIME OF LATEST TRANSACTION
control field 20211208233855.0
008 - FIXED-LENGTH DATA ELEMENTS--GENERAL INFORMATION
fixed length control field 131222s1949 enk b 001 0 eng
035 ## - SYSTEM CONTROL NUMBER
System control number (BD-RjUL)4362
System control number (OCoLC)832413
040 ## - CATALOGING SOURCE
Original cataloging agency DLC
Transcribing agency PBm
Modifying agency DI
-- DJBF
-- DLC
-- BD-RjUL
Language of cataloging eng
041 ## - LANGUAGE CODE
Language code of text/sound track or separate title eng
082 04 - DEWEY DECIMAL CLASSIFICATION NUMBER
Edition number 18
Classification number 333
Author mark and year MEL
100 1# - MAIN ENTRY--PERSONAL NAME
Personal name Meek, C. K.
Fuller form of name (Charles Kingsley),
Dates associated with a name 1885-1965
9 (RLIN) 1998
245 10 - TITLE STATEMENT
Title Land law and custom in the colonies /
Statement of responsibility, etc. by C.K. Meek ; with an introduction by Lord Hailey.
250 ## - EDITION STATEMENT
Edition statement 2nd ed.
260 ## - PUBLICATION, DISTRIBUTION, ETC. (IMPRINT)
Place of publication, distribution, etc. London ;
-- New York :
Name of publisher, distributor, etc. Oxford University Press,
Date of publication, distribution, etc. 1949.
300 ## - PHYSICAL DESCRIPTION
Pagination xxvi, 337 p. ;
Size 23 cm.
504 ## - BIBLIOGRAPHY, ETC. NOTE
Bibliography, etc Includes bibliographical references and index.
650 #0 - SUBJECT ADDED ENTRY--TOPICAL TERM
Topical term or geographic name as entry element Land tenure
Geographic subdivision Great Britain
General subdivision Colonies.
9 (RLIN) 13700
700 1# - ADDED ENTRY--PERSONAL NAME
Personal name Hailey, William Malcolm Hailey,
Dates associated with a name 1872-1969.
942 ## - ADDED ENTRY ELEMENTS (KOHA)
Source of classification or shelving scheme Dewey Decimal Classification
Koha item type Books
Holdings
Lost status Source of classification or shelving scheme Damaged status Not for loan Collection code Permanent Location Current Location Shelving location Date acquired Source of acquisition Cost, normal purchase price Total Checkouts Full call number Date last seen Copy number Koha item type
  Dewey Decimal Classification   Not For Loan Non-fiction Central Library, University of Rajshahi Central Library, University of Rajshahi Reading Room 08/08/1955 O.U.P 12.80   333 MEL 1949 22/12/2013 C-1 Books